00366pab a2200133 454500008004000000100001600040245008500056260000900141300000900150362000900159650003500168700001500203773001400218180718b1985 xxu||||| |||| 00| 0 eng d aKavia, Z.D. aStudies on sprinkler irrigation in Arid Zone - saving of water and energy inputs c1985 a62-5 aApr. aIrrigation - India - Rajasthan aB.K. James aBhagirath